000 00858nam a2200253 a 4500
999 _c8443
_d8443
003 BD-JhCC
005 20180224182253.0
008 720926s1967 enkabf b 000 0 eng d
035 _a(BD-JhCC)
040 _aDLC
_cFIN
_dOCL
_dSER
_dUKM
_dBD-JhCC
041 _aeng
082 _a958.1
_bFRA 1967
100 1 _aFraser-Tytler, W. K.
_q(William Kerr),
_d1886-1963
245 1 0 _aAfghanistan:
_bA study of political developments in central and southern Asia /
_cby W.K. Fraser-Tytler.
250 _a3rd ed.,
260 _aLondon,
_aNew York [etc.]
_bOxford U.P.,
_c1967.
300 _axvi, 362 p.
_bfront. plates, maps, diagrs.
_c23 cm.
504 _aBibliography: p. 347-350.
650 0 _aEastern question (Central Asia)
651 0 _aAfghanistan
_xHistory.
700 1 _aGillett, M. C.
_q(Michael Cavenagh),
_d1907-1971.
942 _2ddc
_cBK